[Event "CECLUB División de Honor"]
[Site "Linares"]
[Date "2017.08.15"]
[Round "2"]
[White "Grandelius, Nils"]
[Black "Jones, Gawain C B"]
[Result "1/2-1/2"]
[Board "4"]
[WhiteTitle "GM"]
[WhiteElo "2644"]
[WhiteCountry "SWE"]
[WhiteFideId "1710400"]
[BlackTitle "GM"]
[BlackElo "2660"]
[BlackCountry "ENG"]
[BlackFideId "409561"]

1. e4 {[%clk 1:30:23]} e5 {[%clk 1:30:21]} 2. Nf3 {[%clk 1:30:40]} Nc6 {[%clk
1:30:46]} 3. Bb5 {[%clk 1:29:56]} a6 {[%clk 1:31:03]} 4. Ba4 {[%clk 1:30:20]} Nf6
{[%clk 1:31:28]} 5. O-O {[%clk 1:30:00]} b5 {[%clk 1:31:50]} 6. Bb3 {[%clk
1:30:24]} Bc5 {[%clk 1:32:13]} 7. c3 {[%clk 1:26:59]} d6 {[%clk 1:32:21]} 8. a4
{[%clk 1:27:19]} Rb8 {[%clk 1:32:44]} 9. d4 {[%clk 1:27:35]} Bb6 {[%clk 1:33:07]}
10. a5 {[%clk 1:26:40]} Ba7 {[%clk 1:32:52]} 11. h3 {[%clk 1:26:26]} O-O {[%clk
1:32:05]} 12. Be3 {[%clk 1:26:38]} Ra8 {[%clk 1:32:06]} 13. Nbd2 {[%clk 1:23:58]}
h6 {[%clk 1:31:10]} 14. Re1 {[%clk 1:23:44]} exd4 {[%clk 1:26:09]} 15. cxd4
{[%clk 1:23:58]} Nb4 {[%clk 1:26:28]} 16. d5 {[%clk 1:22:42]} Bxe3 {[%clk
1:21:14]} 17. Rxe3 {[%clk 1:19:26]} c5 {[%clk 1:21:40]} 18. dxc6 {[%clk 1:18:49]}
Nxc6 {[%clk 1:21:57]} 19. e5 {[%clk 1:02:10]} Nxe5 {[%clk 1:17:59]} 20. Nxe5
{[%clk 1:02:18]} dxe5 {[%clk 1:18:21]} 21. Rxe5 {[%clk 0:52:47]} Ra7 {[%clk
1:16:37]} 22. Qe2 {[%clk 0:47:45]} Rd7 {[%clk 1:15:47]} 23. Ne4 {[%clk 0:47:36]}
Nxe4 {[%clk 1:13:10]} 24. Qxe4 {[%clk 0:47:48]} Rd4 {[%clk 1:10:48]} 25. Qc6
{[%clk 0:44:14]} Qd6 {[%clk 1:02:38]} 26. Qxd6 {[%clk 0:39:10]} Rxd6 {[%clk
1:03:01]} 27. Rae1 {[%clk 0:34:29]} Bb7 {[%clk 0:58:13]} 28. R1e3 {[%clk
0:11:57]} Bc6 {[%clk 0:56:13]} 29. Re7 {[%clk 0:10:49]} Bd5 {[%clk 0:54:14]} 30.
Bxd5 {[%clk 0:10:07]} Rxd5 {[%clk 0:54:39]} 31. Ra7 {[%clk 0:10:20]} Rd6 {[%clk
0:53:56]} 32. Rf3 {[%clk 0:09:42]} h5 {[%clk 0:52:12]} 33. g3 {[%clk 0:09:26]} g6
{[%clk 0:51:18]} 34. Kg2 {[%clk 0:09:47]} Kg7 {[%clk 0:51:25]} 35. g4 {[%clk
0:08:31]} hxg4 {[%clk 0:50:47]} 36. hxg4 {[%clk 0:08:59]} g5 {[%clk 0:50:02]} 37.
Rf5 {[%clk 0:05:35]} Kg6 {[%clk 0:50:11]} 38. Rb7 {[%clk 0:02:25]} f6 {[%clk
0:48:56]} 39. Rc5 {[%clk 0:02:26]} Rf7 {[%clk 0:45:33]} 40. Rb6 {[%clk 0:01:59]}
Rd4 {[%clk 0:37:26]} 41. Kg3 {[%clk 0:28:56]} Rd3+ {[%clk 1:06:45]} 42. f3 {[%clk
0:27:20]} Rb3 {[%clk 1:05:57]} 43. Rc2 {[%clk 0:22:33]} Ra7 {[%clk 1:05:36]} 44.
Rcc6 {[%clk 0:22:47]} Rf7 {[%clk 1:05:54]} 45. Rxa6 {[%clk 0:22:52]} Rxb2 {[%clk
1:05:58]} 46. Rab6 {[%clk 0:21:48]} b4 {[%clk 1:04:42]} 47. a6 {[%clk 0:20:26]}
b3 {[%clk 1:03:55]} 48. a7 {[%clk 0:11:40]} Ra2 {[%clk 1:04:00]} 49. Ra6 {[%clk
0:11:22]} Rxa6 {[%clk 1:03:08]} 50. Rxa6 {[%clk 0:11:46]} b2 {[%clk 1:03:32]} 51.
a8Q {[%clk 0:11:43]} b1Q {[%clk 1:03:54]} 52. Ra1 {[%clk 0:10:27]} Rf8 {[%clk
1:03:34]} 53. Qxf8 {[%clk 0:08:50]} Qxa1 {[%clk 1:03:57]} 54. Qg8+ {[%clk
0:09:17]} Kh6 {[%clk 1:04:21]} 55. Qh8+ {[%clk 0:09:42]} Kg6 {[%clk 1:04:46]} 56.
Qg8+ {[%clk 0:10:08]} Kh6 {[%clk 1:05:11]} 57. Qh8+ {[%clk 0:10:32]} 1/2-1/2

[Event "CECLUB División de Honor"]
[Site "Linares"]
[Date "2017.08.15"]
[Round "2"]
[White "Castellanos Rodriguez, Renier"]
[Black "Ubilava, Elizbar"]
[Result "0-1"]
[Board "6"]
[WhiteTitle "IM"]
[WhiteElo "2487"]
[WhiteCountry "ESP"]
[WhiteFideId "3404650"]
[WhiteEloChange "-5"]
[BlackTitle "GM"]
[BlackElo "2498"]
[BlackCountry "ESP"]
[BlackFideId "13600052"]
[BlackEloChange "5"]

1. d4 {[%clk 1:30:30]} Nf6 {[%clk 1:30:30]} 2. c4 {[%clk 1:30:30]} e6 {[%clk
1:30:30]} 3. Nc3 {[%clk 1:30:30]} Bb4 {[%clk 1:30:30]} 4. Nf3 {[%clk 1:30:30]} b6
{[%clk 1:30:30]} 5. Bd2 {[%clk 1:30:30]} Bb7 {[%clk 1:30:30]} 6. e3 {[%clk
1:30:30]} O-O {[%clk 1:30:30]} 7. Bd3 {[%clk 1:30:30]} d5 {[%clk 1:30:30]} 8.
cxd5 {[%clk 1:30:30]} exd5 {[%clk 1:30:30]} 9. Rc1 {[%clk 1:30:30]} a6 {[%clk
1:30:30]} 10. O-O {[%clk 1:30:30]} Bd6 {[%clk 1:30:30]} 11. Ne5 {[%clk 1:30:30]}
c5 {[%clk 1:30:30]} 12. Be1 {[%clk 1:30:30]} Nc6 {[%clk 1:30:30]} 13. f4 {[%clk
1:30:30]} cxd4 {[%clk 1:30:30]} 14. Nxc6 {[%clk 1:30:30]} Bxc6 {[%clk 1:30:30]}
15. Ne2 {[%clk 1:30:30]} Bd7 {[%clk 1:30:30]} 16. Nxd4 {[%clk 1:30:30]} Qe7
{[%clk 1:30:30]} 17. Qf3 {[%clk 1:30:30]} Rfe8 {[%clk 1:30:30]} 18. Bf2 {[%clk
1:30:30]} Bc5 {[%clk 1:30:30]} 19. Rfe1 {[%clk 1:30:30]} Ne4 {[%clk 1:30:30]} 20.
Bxe4 {[%clk 1:30:30]} dxe4 {[%clk 1:30:30]} 21. Qe2 {[%clk 1:30:30]} Rac8 {[%clk
1:30:30]} 22. Red1 {[%clk 1:30:30]} Bxd4 {[%clk 1:30:30]} 23. Rxc8 {[%clk
1:30:30]} Rxc8 {[%clk 1:30:30]} 24. exd4 {[%clk 1:30:30]} Bb5 {[%clk 1:30:30]}
25. Qe3 {[%clk 1:30:30]} Bd3 {[%clk 1:30:30]} 26. Rxd3 {[%clk 1:30:30]} exd3
{[%clk 1:30:30]} 27. Qxe7 {[%clk 1:30:30]} d2 {[%clk 1:30:30]} 28. h3 {[%clk
1:30:30]} d1Q+ {[%clk 1:30:30]} 29. Kh2 {[%clk 1:30:30]} Qc2 {[%clk 1:30:30]} 30.
Qb7 {[%clk 1:30:30]} Qc6 {[%clk 1:30:30]} 31. Qxa6 {[%clk 1:30:30]} Ra8 {[%clk
1:30:30]} 32. d5 {[%clk 1:30:30]} Qxd5 {[%clk 1:30:30]} 33. Qxb6 {[%clk 1:30:30]}
Qxa2 {[%clk 1:30:30]} 34. b4 {[%clk 1:30:30]} Qc4 {[%clk 1:30:30]} 35. Qb7 {[%clk
1:30:30]} Re8 {[%clk 1:30:30]} 36. Bg3 {[%clk 1:30:30]} Qe4 {[%clk 1:30:30]} 37.
Qd7 {[%clk 1:30:30]} Qa8 {[%clk 1:30:30]} 38. Qd3 {[%clk 1:30:30]} Qb7 {[%clk
1:30:30]} 39. Be1 {[%clk 1:30:30]} Qe4 {[%clk 1:30:30]} 40. Qxe4 {[%clk 1:30:30]}
Rxe4 {[%clk 1:30:30]} 41. Bd2 {[%clk 1:30:30]} Rd4 {[%clk 1:30:30]} 0-1

[Event "CECLUB División de Honor"]
[Site "Linares"]
[Date "2017.08.19"]
[Round "6"]
[White "Calzetta Ruiz, Monica"]
[Black "Gil Quilez, Sonia"]
[Result "1-0"]
[Board "7"]
[WhiteTitle "WGM"]
[WhiteElo "2288"]
[WhiteCountry "ESP"]
[WhiteFideId "2204185"]
[WhiteEloChange "4"]
[BlackTitle "WFM"]
[BlackElo "2057"]
[BlackCountry "ESP"]
[BlackFideId "2263980"]
[BlackEloChange "-4"]

1. e4 {[%clk 1:30:56]} e5 {[%clk 1:30:42]} 2. Nf3 {[%clk 1:31:20]} Nc6 {[%clk
1:30:50]} 3. Bb5 {[%clk 1:31:44]} Nge7 {[%clk 1:30:43]} 4. O-O {[%clk 1:21:29]}
g6 {[%clk 1:30:31]} 5. c3 {[%clk 1:16:23]} Bg7 {[%clk 1:30:45]} 6. d4 {[%clk
1:16:13]} exd4 {[%clk 1:30:33]} 7. cxd4 {[%clk 1:16:24]} a6 {[%clk 1:30:31]} 8.
Ba4 {[%clk 1:14:22]} b5 {[%clk 1:30:35]} 9. Bb3 {[%clk 1:12:11]} Na5 {[%clk
1:29:03]} 10. Bc2 {[%clk 1:07:19]} O-O {[%clk 1:29:08]} 11. Nc3 {[%clk 0:59:06]}
d6 {[%clk 1:27:50]} 12. Bg5 {[%clk 0:53:22]} h6 {[%clk 1:24:28]} 13. Bh4 {[%clk
0:39:13]} Bg4 {[%clk 1:15:13]} 14. a4 {[%clk 0:38:21]} g5 {[%clk 1:03:56]} 15.
Bg3 {[%clk 0:34:05]} b4 {[%clk 1:02:47]} 16. Ne2 {[%clk 0:32:28]} Bxf3 {[%clk
0:57:39]} 17. gxf3 {[%clk 0:32:52]} h5 {[%clk 0:57:38]} 18. h4 {[%clk 0:25:47]}
Ng6 {[%clk 0:55:54]} 19. hxg5 {[%clk 0:26:10]} Qxg5 {[%clk 0:47:28]} 20. f4
{[%clk 0:22:47]} Qf6 {[%clk 0:39:06]} 21. e5 {[%clk 0:20:14]} dxe5 {[%clk
0:38:13]} 22. dxe5 {[%clk 0:12:47]} Qd8 {[%clk 0:31:43]} 23. Nd4 {[%clk 0:12:18]}
h4 {[%clk 0:29:21]} 24. Bh2 {[%clk 0:12:45]} Qd5 {[%clk 0:24:10]} 25. Nf3 {[%clk
0:11:17]} Rad8 {[%clk 0:21:45]} 26. Qxd5 {[%clk 0:11:28]} Rxd5 {[%clk 0:22:11]}
27. Be4 {[%clk 0:11:50]} Rdd8 {[%clk 0:21:53]} 28. f5 {[%clk 0:10:14]} Nb3 {[%clk
0:12:30]} 29. Rad1 {[%clk 0:09:30]} Nc5 {[%clk 0:12:26]} 30. Bb1 {[%clk 0:08:06]}
Nh8 {[%clk 0:11:11]} 31. a5 {[%clk 0:08:09]} Rfe8 {[%clk 0:10:45]} 32. f6 {[%clk
0:07:14]} Bh6 {[%clk 0:10:52]} 33. Nxh4 {[%clk 0:07:34]} Ne6 {[%clk 0:10:08]} 34.
Nf5 {[%clk 0:07:47]} Bf8 {[%clk 0:10:10]} 35. Kh1 {[%clk 0:07:15]} Ng6 {[%clk
0:10:19]} 36. Ba2 {[%clk 0:03:57]} Nc5 {[%clk 0:09:15]} 37. f4 {[%clk 0:04:03]}
b3 {[%clk 0:07:56]} 38. Bb1 {[%clk 0:04:28]} Na4 {[%clk 0:08:09]} 39. Rxd8 {[%clk
0:02:45]} Rxd8 {[%clk 0:08:33]} 40. Rg1 {[%clk 0:03:04]} Bc5 {[%clk 0:07:49]} 41.
Ne7+ {[%clk 0:03:08]} Kf8 {[%clk 0:02:49]} 42. Nxg6+ {[%clk 0:29:31]} fxg6 {[%clk
0:32:10]} 43. e6 {[%clk 0:29:32]} Rd2 {[%clk 0:25:05]} 44. Bxg6 {[%clk 0:27:11]}
Nxb2 {[%clk 0:23:45]} 45. Re1 {[%clk 0:24:30]} Be7 {[%clk 0:20:45]} 46. fxe7+
{[%clk 0:24:53]} Kxe7 {[%clk 0:21:12]} 47. f5 {[%clk 0:25:14]} Rd1 {[%clk
0:16:58]} 48. Bg3 {[%clk 0:23:58]} Rxe1+ {[%clk 0:11:57]} 49. Bxe1 {[%clk
0:24:18]} Nc4 {[%clk 0:12:16]} 50. Bh4+ {[%clk 0:24:25]} Kd6 {[%clk 0:12:26]} 51.
e7 {[%clk 0:24:30]} b2 {[%clk 0:12:52]} 52. f6 {[%clk 0:24:37]} b1Q+ {[%clk
0:11:25]} 53. Bxb1 {[%clk 0:24:58]} Kd7 {[%clk 0:11:54]} 54. Bf5+ {[%clk
0:25:13]} 1-0

[Event "CECLUB División de Honor"]
[Site "Linares"]
[Date "2017.08.20"]
[Round "7"]
[White "Korneev, Oleg"]
[Black "Ubilava, Elizbar"]
[Result "1/2-1/2"]
[Board "6"]
[WhiteTitle "GM"]
[WhiteElo "2566"]
[WhiteCountry "ESP"]
[WhiteFideId "4156803"]
[WhiteEloChange "-1"]
[BlackTitle "GM"]
[BlackElo "2498"]
[BlackCountry "ESP"]
[BlackFideId "13600052"]
[BlackEloChange "1"]

1. e4 {[%clk 1:28:06]} e5 {[%clk 1:30:47]} 2. Nf3 {[%clk 1:28:09]} Nc6 {[%clk
1:31:07]} 3. Bb5 {[%clk 1:28:08]} a6 {[%clk 1:31:01]} 4. Ba4 {[%clk 1:26:22]} d6
{[%clk 1:30:05]} 5. c3 {[%clk 1:24:04]} Nf6 {[%clk 1:27:40]} 6. d4 {[%clk
1:23:15]} b5 {[%clk 1:23:37]} 7. Bb3 {[%clk 1:18:07]} Bg4 {[%clk 1:21:27]} 8. Be3
{[%clk 1:15:07]} exd4 {[%clk 1:10:14]} 9. cxd4 {[%clk 1:15:11]} d5 {[%clk
1:10:01]} 10. e5 {[%clk 1:11:52]} Bb4+ {[%clk 1:10:06]} 11. Nbd2 {[%clk 0:55:52]}
Ne4 {[%clk 1:08:40]} 12. Qc1 {[%clk 0:40:02]} Na5 {[%clk 0:49:32]} 13. O-O {[%clk
0:33:13]} O-O {[%clk 0:43:59]} 14. Bc2 {[%clk 0:30:25]} f5 {[%clk 0:39:41]} 15.
exf6 {[%clk 0:29:32]} Nxf6 {[%clk 0:40:01]} 16. b3 {[%clk 0:27:54]} Rc8 {[%clk
0:37:58]} 17. h3 {[%clk 0:25:36]} Be6 {[%clk 0:34:17]} 18. a3 {[%clk 0:22:09]}
Bd6 {[%clk 0:30:21]} 19. a4 {[%clk 0:16:01]} Bb4 {[%clk 0:28:11]} 20. axb5 {[%clk
0:16:19]} axb5 {[%clk 0:28:33]} 21. Bd3 {[%clk 0:10:23]} c6 {[%clk 0:20:07]} 22.
Qc2 {[%clk 0:10:40]} h6 {[%clk 0:14:30]} 23. Qb2 {[%clk 0:08:14]} Qb6 {[%clk
0:11:47]} 24. Ne5 {[%clk 0:07:46]} Nb7 {[%clk 0:09:50]} 25. Ndf3 {[%clk 0:07:15]}
Nd6 {[%clk 0:09:07]} 26. Bd2 {[%clk 0:05:10]} Bxd2 {[%clk 0:07:11]} 27. Qxd2
{[%clk 0:05:39]} Nfe4 {[%clk 0:06:16]} 28. Qa5 {[%clk 0:04:46]} Qxa5 {[%clk
0:03:29]} 29. Rxa5 {[%clk 0:05:14]} c5 {[%clk 0:03:50]} 30. Ra6 {[%clk 0:02:28]}
Bf5 {[%clk 0:02:24]} 31. dxc5 {[%clk 0:02:18]} Nxc5 {[%clk 0:02:26]} 32. Rxd6
{[%clk 0:02:45]} Nxd3 {[%clk 0:02:28]} 33. Rxd5 {[%clk 0:02:58]} Nxe5 {[%clk
0:02:23]} 34. Nxe5 {[%clk 0:03:02]} Be6 {[%clk 0:02:24]} 35. Rxb5 {[%clk
0:03:09]} Rb8 {[%clk 0:02:49]} 36. Rxb8 {[%clk 0:02:34]} Rxb8 {[%clk 0:03:12]}
37. Rd1 {[%clk 0:01:37]} Bxb3 {[%clk 0:02:25]} 38. Rd7 {[%clk 0:01:49]} Bc2
{[%clk 0:02:08]} 39. g4 {[%clk 0:01:58]} Rb3 {[%clk 0:01:03]} 40. Kg2 {[%clk
0:01:22]} Rb5 {[%clk 0:00:51]} 41. Nc4 {[%clk 0:01:15]} Rc5 {[%clk 0:00:32]} 42.
Ne3 {[%clk 0:01:27]} Be4+ {[%clk 0:28:06]} 43. Kg3 {[%clk 0:31:34]} Kf8 {[%clk
0:20:30]} 44. Kf4 {[%clk 0:30:15]} Bg6 {[%clk 0:19:54]} 45. h4 {[%clk 0:28:49]}
h5 {[%clk 0:15:05]} 46. g5 {[%clk 0:29:03]} Ra5 {[%clk 0:15:14]} 47. Rc7 {[%clk
0:28:46]} Bd3 {[%clk 0:15:11]} 48. Rc3 {[%clk 0:27:50]} Bg6 {[%clk 0:14:35]} 49.
Rc8+ {[%clk 0:28:14]} Ke7 {[%clk 0:14:41]} 50. Rc7+ {[%clk 0:28:38]} Kf8 {[%clk
0:15:00]} 51. Nc4 {[%clk 0:28:35]} Rf5+ {[%clk 0:15:03]} 52. Kg3 {[%clk 0:24:31]}
Rd5 {[%clk 0:15:02]} 53. f3 {[%clk 0:24:56]} Bd3 {[%clk 0:13:55]} 54. Nb6 {[%clk
0:23:49]} Rb5 {[%clk 0:12:19]} 55. Nd7+ {[%clk 0:23:56]} Kg8 {[%clk 0:12:22]} 56.
Rc5 {[%clk 0:17:32]} Rxc5 {[%clk 0:11:36]} 57. Nxc5 {[%clk 0:17:28]} Bc2 {[%clk
0:11:39]} 58. Kf4 {[%clk 0:17:53]} Kf7 {[%clk 0:11:22]} 59. Ke5 {[%clk 0:18:21]}
g6 {[%clk 0:10:39]} 60. Ne4 {[%clk 0:15:41]} Ba4 {[%clk 0:09:13]} 61. Nd6+ {[%clk
0:15:31]} Ke7 {[%clk 0:09:13]} 62. f4 {[%clk 0:14:13]} Bc2 {[%clk 0:08:29]} 63.
Ne4 {[%clk 0:13:38]} Bd3 {[%clk 0:06:24]} 64. Ng3 {[%clk 0:13:40]} Kf7 {[%clk
0:01:51]} 65. f5 {[%clk 0:13:55]} Bc2 {[%clk 0:01:51]} 66. f6 {[%clk 0:14:06]}
Bd3 {[%clk 0:02:01]} 67. Ne4 {[%clk 0:14:13]} Bc2 {[%clk 0:02:04]} 68. Nd6+
{[%clk 0:09:41]} Kf8 {[%clk 0:02:19]} 69. Ke6 {[%clk 0:09:18]} Bb3+ {[%clk
0:02:31]} 70. Kd7 {[%clk 0:09:46]} Ba4+ {[%clk 0:02:16]} 71. Kd8 {[%clk 0:10:04]}
Bb3 {[%clk 0:02:31]} 72. Ne4 {[%clk 0:10:08]} Bc2 {[%clk 0:02:26]} 73. Nc5 {[%clk
0:10:24]} Kf7 {[%clk 0:02:17]} 74. Nd7 {[%clk 0:10:12]} Be4 {[%clk 0:02:25]} 75.
Ne5+ {[%clk 0:09:54]} Kf8 {[%clk 0:02:50]} 76. Kd7 {[%clk 0:09:49]} Bf5+ {[%clk
0:03:02]} 77. Kc6 {[%clk 0:09:53]} Be4+ {[%clk 0:02:56]} 78. Kd6 {[%clk 0:10:14]}
Bc2 {[%clk 0:03:09]} 79. Nc6 {[%clk 0:09:25]} Bf5 {[%clk 0:02:40]} 80. Nd8 {[%clk
0:08:13]} Bc2 {[%clk 0:02:34]} 81. Ke6 {[%clk 0:07:40]} Bf5+ {[%clk 0:02:46]} 82.
Ke5 {[%clk 0:08:09]} Bc2 {[%clk 0:02:59]} 83. Nb7 {[%clk 0:08:13]} Kf7 {[%clk
0:03:09]} 84. Nd6+ {[%clk 0:08:12]} Kf8 {[%clk 0:03:31]} 85. f7 {[%clk 0:08:08]}
Ke7 {[%clk 0:03:35]} 86. f8Q+ {[%clk 0:08:34]} Kxf8 {[%clk 0:03:58]} 87. Kf6
{[%clk 0:09:02]} Kg8 {[%clk 0:04:00]} 88. Nf7 {[%clk 0:08:55]} Bb1 {[%clk
0:03:45]} 89. Ne5 {[%clk 0:08:50]} Kh7 {[%clk 0:04:07]} 90. Kf7 {[%clk 0:09:05]}
Ba2+ {[%clk 0:04:20]} 91. Kf8 {[%clk 0:09:32]} Be6 {[%clk 0:04:02]} 92. Nf7
{[%clk 0:09:31]} Bf5 {[%clk 0:04:01]} 93. Nd6 {[%clk 0:09:54]} Bc2 {[%clk
0:03:50]} 94. Ne8 {[%clk 0:10:21]} Bb3 {[%clk 0:04:02]} 95. Nd6 {[%clk 0:10:15]}
Bc2 {[%clk 0:03:56]} 96. Kf7 {[%clk 0:10:20]} Bb3+ {[%clk 0:04:09]} 97. Kf6
{[%clk 0:10:48]} Bc2 {[%clk 0:04:14]} 98. Nf7 {[%clk 0:11:12]} Kg8 {[%clk
0:04:03]} 99. Ne5 {[%clk 0:11:40]} Kh7 {[%clk 0:04:23]} 100. Nd7 {[%clk 0:12:08]}
Kg8 {[%clk 0:04:44]} 101. Ne5 {[%clk 0:12:31]} Bd3 102. Ke7 {[%clk 0:12:22]} Bb1
103. Kd6 {[%clk 0:12:33]} 1/2-1/2